[Event "WYCC 2008 U14 boys"]
[Site "Vung Tau City VIE"]
[Date "2008.10.29"]
[Round "10.6"]
[White "Bukavshin, Ivan"]
[Black "Berchtenbreiter, Maximilian"]
[Result "1/2-1/2"]
[WhiteElo "2376"]
[BlackElo "2116"]
[PlyCount "149"]
[EventDate "2008.10.20"]
[Source "www.chesslib.no"]
[SourceDate "2004.05.04"]

1. d4 Nf6 2. c4 e6 3. Nf3 a6 4. Nc3 c5 5. g3 b5 6. cxb5 axb5 7. Nxb5 Qa5+ 8. Nc3 cxd4 9. Nxd4 Bb7 10. f3 Bb4 11. Bd2 Qb6 12. e3 Bc5 13. Ncb5 Nc6 14. Be2 O-O 15. Nc2 Nd5 16. e4 Ndb4 17. Nxb4 Nxb4 18. a3 Nc6 19. b4 Bf2+ 20. Kf1 f5 21. exf5 Rxf5 22. Nd6 Rd5 23. Nc4 Qa7 24. Qc1 Bd4 25. Be3 Ne5 26. Bxd4 Qxd4 27. Kg2 Nxc4 28. Qxc4 Qxc4 29. Bxc4 Rd2+ 30. Kh3 Bxf3 31. Rhg1 g5 32. g4 d5 33. Bb5 d4 34. Bc4 Kg7 35. Bxe6 Re8 36. Rae1 Be2 37. Bf5 Re3+ 38. Rg3 Bxg4+ 39. Kxg4 Rxe1 40. Kxg5 Re3 41. Kf4+ Rxg3 42. Kxg3 Ra2 43. Kf3 Kf6 44. Bxh7 Rxh2 45. Bd3 Ke5 46. b5 Rd2 47. Bg6 Ra2 48. Be8 Rxa3+ 49. Ke2 Kd5 50. Kd2 Kc4 51. Bf7+ Kxb5 52. Bg6 Kb4 53. Bh7 Kc4 54. Bg8+ Kc5 55. Bh7 Rg3 56. Bf5 Rg2+ 57. Kd3 Rh2 58. Bc8 Kd5 59. Bb7+ Ke5 60. Bc6 Ra2 61. Be8 Rb2 62. Bf7 Rg2 63. Be8 Rg3+ 64. Kd2 Kd5 65. Bd7 Rg7 66. Bb5 Kc5 67. Ba6 Rg6 68. Be2 Rg2 69. Kd3 Rh2 70. Bg4 Kd5 71. Bd7 Ra2 72. Be8 Ra6 73. Bd7 Ra3+ 74. Kd2 d3 75. Ke3 1/2-1/2

[Event "St Petersburg White Nights op2"]
[Site "?"]
[Date "2002.??.??"]
[Round "2"]
[White "Gromova Iulia"]
[Black "Altshul Raffael"]
[Result "1/2-1/2"]
[WhiteElo "2152"]
[BlackElo "2338"]
[PlyCount "109"]
[EventDate "2002.??.??"]
[Source "www.chesslib.no"]
[SourceDate "2004.05.04"]

1. d4 Nf6 2. c4 e6 3. Nf3 a6 4. g3 b5 5. b3 Bb7 6. Bg2 c5 7. d5 exd5 8. Nh4 Qa5+ 9. Bd2 Qb6 10. cxd5 Bxd5 11. Bxd5 Nxd5 12. e4 Nc7 13. O-O Nc6 14. Nf5 Nd4 15. Nxd4 cxd4 16. Bc1 g6 17. Nd2 Bg7 18. Bb2 O-O 19. Nf3 Ne6 20. Qd2 Qb7 21. Rfe1 Nc5 22. Qc2 Rac8 23. Bxd4 Rfe8 24. Bxg7 Kxg7 25. Qc3+ Kg8 26. e5 Na4 27. Qd4 Nc3 28. Ng5 d5 29. Qh4 h5 30. g4 Kg7 31. gxh5 Rh8 32. Qf4 Rxh5 33. Qf6+ Kg8 34. e6 Rxg5+ 35. Qxg5 Ne4 36. Qg4 Kg7 37. exf7 Rf8 38. f3 Qb6+ 39. Kg2 Qf2+ 40. Kh1 Qxe1+ 41. Rxe1 Nf2+ 42. Kg2 Nxg4 43. fxg4 Rc8 44. Re6 Rc2+ 45. Kg3 Rxa2 46. Rf6 Kf8 47. Kh4 Rxh2+ 48. Kg5 Rh7 49. Kxg6 Rg7+ 50. Kf5 a5 51. Ke5 Rxg4 52. Kxd5 a4 53. bxa4 bxa4 54. Ra6 Kxf7 55. Kc5 1/2-1/2

[Event "FIN Team Ch 9596"]
[Site "Finland"]
[Date "1996.??.??"]
[Round "3"]
[White "Koskinen, Henri"]
[Black "Haapasalo, Jukka Pekka"]
[Result "1-0"]
[WhiteElo "2230"]
[BlackElo "2240"]
[PlyCount "113"]
[EventDate "1995.??.??"]
[Source "www.chesslib.no"]
[SourceDate "2004.05.04"]

1. d4 Nf6 2. c4 e6 3. Nf3 a6 4. Nc3 c5 5. d5 b5 6. Bg5 b4 7. Ne4 Be7 8. Bxf6 Bxf6 9. Qd2 d6 10. dxe6 Bxe6 11. O-O-O Ra7 12. Qc2 Rd7 13. e3 O-O 14. h4 b3 15. Qxb3 Nc6 16. Nxf6+ Qxf6 17. Qc3 Qxc3+ 18. bxc3 Na5 19. h5 Rb8 20. Rh4 Rdb7 21. Bd3 Rb2 22. Rd2 Rxd2 23. Nxd2 h6 24. Kc2 Kf8 25. Nb3 Nc6 26. f4 Ke7 27. Be4 Rb6 28. Bd5 Nb8 29. g4 Nd7 30. g5 Rb8 31. Na5 Kf8 32. Rh1 Bg4 33. Rh4 f5 34. Be6 hxg5 35. Rxg4 fxg4 36. Bxd7 g3 37. Bc6 gxf4 38. exf4 Re8 39. Kd2 Re6 40. Nb3 Rh6 41. Ke3 Rxh5 42. Bg2 g5 43. f5 Rh4 44. Nd2 Rf4 45. Ne4 Rxf5 46. Nxg3 Rf4 47. Bd5 Rh4 48. a4 Rh3 49. Kf3 Ke7 50. Kg4 Rh2 51. Kxg5 Kd7 52. Bb7 a5 53. Ba6 Rf2 54. Ne4 Rf1 55. Bb5+ Ke6 56. Nd2 Ke5 57. Nxf1 1-0

[Event "FIN Ch Open"]
[Site "Espoo"]
[Date "1990.??.??"]
[Round "?"]
[White "Manninen, Marko"]
[Black "Haapasalo, Jukka Pekka"]
[Result "1/2-1/2"]
[WhiteElo "2215"]
[BlackElo "2250"]
[PlyCount "70"]
[EventDate "1990.??.??"]
[Source "www.chesslib.no"]
[SourceDate "2004.05.04"]

1. d4 Nf6 2. c4 e6 3. Nf3 a6 4. Bg5 c5 5. Nc3 cxd4 6. Qxd4 Be7 7. e4 d6 8. Be2 Qc7 9. O-O Nbd7 10. h3 b6 11. b4 Bb7 12. Rac1 O-O 13. a3 Rac8 14. Nd2 Rfe8 15. Be3 Qb8 16. f4 Bd8 17. Qd3 Bc7 18. Bf3 Rcd8 19. Ne2 Nf8 20. Bd4 N6d7 21. Bb2 Ng6 22. g3 Bc6 23. h4 h6 24. h5 Ngf8 25. Qc3 e5 26. f5 Nh7 27. Qd3 b5 28. Nc3 Bb6+ 29. Kg2 Bd4 30. cxb5 Bxb5 31. Nxb5 Bxb2 32. Rc2 axb5 33. Rxb2 Ndf6 34. Rc2 Ng5 35. Re1 Re7 1/2-1/2

[Event "FIN Team Ch 9596"]
[Site "Finland"]
[Date "1996.??.??"]
[Round "7"]
[White "Lassila, Erkki"]
[Black "Haapasalo, Jukka Pekka"]
[Result "1-0"]
[WhiteElo "2190"]
[BlackElo "2240"]
[PlyCount "126"]
[EventDate "1995.??.??"]
[Source "www.chesslib.no"]
[SourceDate "2004.05.04"]

1. d4 Nf6 2. c4 e6 3. Nf3 a6 4. Nc3 c5 5. d5 b5 6. Bg5 b4 7. Ne4 Be7 8. Bxf6 Bxf6 9. dxe6 fxe6 10. Nd6+ Ke7 11. Qd2 Qc7 12. Rd1 Nc6 13. e3 Rb8 14. Be2 Ne5 15. Nxc8+ Rbxc8 16. Nxe5 Bxe5 17. f4 Bf6 18. O-O h5 19. Rf2 Rb8 20. Qc2 Rb6 21. Kh1 a5 22. Bf3 Rd6 23. Rdf1 h4 24. Be4 Rb6 25. Rd1 Rd6 26. Rdf1 Rb6 27. b3 Qa7 28. Rd2 Rd6 29. Rfd1 Rxd2 30. Rxd2 Rb8 31. Qd1 Rb6 32. Bc2 Qc7 33. Kg1 Bc3 34. Rd3 Qb7 35. Qg4 Bf6 36. e4 Bd4+ 37. Rxd4 cxd4 38. Qxg7+ Kd8 39. Qxd4 Rc6 40. Qh8+ Kc7 41. Qxh4 a4 42. Qf2 a3 43. e5 d6 44. h4 Qb8 45. h5 dxe5 46. fxe5 Rb6 47. Qf7+ Kc8 48. Qe8+ Kc7 49. Qe7+ Kc8 50. Qe8+ Kc7 51. Qxb8+ Rxb8 52. Kf2 Kd7 53. g4 Ke7 54. Ke3 Rg8 55. Bg6 Kf8 56. Kd4 Kg7 57. Kc5 Rb8 58. g5 Rb7 59. Be4 Rb8 60. h6+ Kh8 61. g6 Kg8 62. Bc6 Rc8 63. Kd6 Kh8 1-0

[Event "Belgrade (open hiver)"]
[Site "?"]
[Date "2004.01.26"]
[Round "6"]
[White "Starcevic Goran"]
[Black "Zmijanac Dusko"]
[Result "1-0"]
[WhiteElo "2180"]
[BlackElo "2244"]
[PlyCount "86"]
[EventDate "2004.??.??"]
[Source "www.chesslib.no"]
[SourceDate "2004.05.04"]

1. d4 Nf6 2. c4 e6 3. Nf3 a6 4. Nc3 c5 5. d5 b5 6. Bg5 b4 7. Ne4 d6 8. e3 Be7 9. Bxf6 gxf6 10. dxe6 Bxe6 11. Qc2 Nc6 12. Rd1 Qc7 13. Be2 h5 14. h4 Ne5 15. Ng3 Ng4 16. Qe4 Rd8 17. Rd2 Qc8 18. O-O Kf8 19. Rfd1 Kg7 20. b3 a5 21. Bd3 Ne5 22. Be2 f5 23. Qc2 Ng6 24. e4 fxe4 25. Nxe4 Bf5 26. Qb2+ Kh6 27. Nxd6 Qe6 28. Nxf5+ Qxf5 29. Rd5 Qf4 30. g3 Qc7 31. Nh2 f6 32. Rxh5+ Kg7 33. Rxh8 Nxh8 34. Ng4 Ng6 35. h5 Ne5 36. h6+ Kh8 37. Rxd8+ Bxd8 38. Nxe5 Qxe5 39. Qxe5 fxe5 40. Bd3 Bg5 41. h7 Bf6 42. Kg2 Kg7 43. Kf3 Kf7 1-0